Το σύμπαν, η ζωή και ο άνθρωπος
Αποθηκεύτηκε σε:
| Κύριος συγγραφέας: | |
|---|---|
| Μορφή: | Βιβλίο |
| Γλώσσα: | Greek |
| Δημοσίευση: |
Αθήναι :
[Αδελφότης θεολόγων η "Ζωή"],
1975
|
| Σειρά: | Κοσμολογικά θέματα ;
; 1 |
| Θέματα: | |
| Ετικέτες: |
Προσθήκη ετικέτας
Δεν υπάρχουν, Καταχωρήστε ετικέτα πρώτοι!
|
MARC
| LEADER | 00000cam a2200000 i 4500 | ||
|---|---|---|---|
| 001 | 1/92714 | ||
| 008 | 080828s1975 gre d | ||
| 035 | |l 10099732 | ||
| 040 | |a GR-MY-UA |b gre |e aacr | ||
| 041 | 0 | |a gre | |
| 082 | 0 | |a 113 |2 (22) | |
| 100 | 1 | |a Κωτσάκης, Δημήτριος Δ. | |
| 245 | 1 | 3 | |a Το σύμπαν, η ζωή και ο άνθρωπος / |c Δημ. Κωτσάκη |
| 260 | |a Αθήναι : |b [Αδελφότης θεολόγων η "Ζωή"], |c 1975 | ||
| 300 | |a 126 σ.; |b εικ., φωτ.; |c 21 εκ. | ||
| 490 | 1 | |a Κοσμολογικά θέματα |v ; 1 | |
| 650 | 0 | 0 | |a Life (Biology) |
| 650 | 0 | 0 | |a Cosmology. |
| 650 | 0 | 0 | |a Human beings |x Philosophy. |
| 650 | 0 | 0 | |a Cosmogony. |
| 830 | 0 | |a Κοσμολογικά θέματα ; |v ; 1 | |
| 852 | |a INST |b RHODES |c AKA |e 20080828 |h 113 ΚΩΤ |p 005400027457 |q 005400027457 |t BK |y 0 | ||
| 852 | |a INST |b RHODES |c AKA |e 20081021 |h 113 ΚΩΤ |p 005400031250 |q 005400031250 |t BK |y 0 | ||
| 901 | |a BIBL4-2008-2 | ||
| 909 | |a Ρ |b 152792 | ||
| 909 | |a Ρ |b 153433 | ||
| 970 | |a ΧΑΡΙΟΠΟΛΙΤΟΥ |b ΚΩΝΣΤΑΝΤΙΝΑ |z 2008/08/28 | ||